000 00242nam a2200097Ia 4500
001 819684
005 20250826171817.0
008 250824s9999 xx 000 0 und d
245 0 _aKARDAN KEDİ
_cLINDA NEWBERY
260 _bKIRMIZI KEDİ YAYINLARI
999 _c819684
_d819684